000 00835nam a22002177a 4500
999 _c6393
_d6393
003 AR-CdUCM
008 190315b ||||| |||| 00| 0 spa d
040 _aMUNICIPALIDAD PROVINCIAL DEL CUSCO
_cBIBLIOTECA MUNICIPAL DEL CUSCO
082 _a086.985 /
_bP33
100 _aPaz Soldán, Mariano Felipe
_912558
245 _aNarración histórica de la guerra de Chile contra el Perú y Bolivia /
260 _aLima :
_bMilla Batres,
_c1979.
300 _a3 tomos ;
_bIlustraciones,
_c24. 5 cm.
505 _aContenido: t.1 -- Antecedentes y declaración de guerra . La campaña marítima -- t.2 -- La campaña del sur -- t.3 -- Campaña sobre Lima.
650 _aGuerra del Pacífico, 1879-1884
_917117
650 _aFotografía
_94511
650 _aPerú
_944055
650 _aSiglo XX.
_944056
942 _2ddc
_cLIBROS
945 _aacv